Tratado de Fisiología Médica (Record no. 29577)
[ view plain ]
| 000 -LEADER | |
|---|---|
| campo de control de longitud fija | 00275nam a2200121Ia 4500 |
| 005 - FECHA Y HORA DE LA ÚLTIMA TRANSACCIÓN | |
| campo de control | 20251222152721.0 |
| 008 - DATOS DE LONGITUD FIJA--INFORMACIÓN GENERAL | |
| campo de control de longitud fija | 251222s9999||||xx |||||||||||||| ||spa|| |
| 082 ## - NÚMERO DE LA CLASIFICACIÓN DECIMAL DEWEY | |
| Número de clasificación | 612/G97 |
| 100 ## - ENTRADA PRINCIPAL--NOMBRE DE PERSONA | |
| Nombre de persona | Guyton |
| 245 #0 - MENCIÓN DEL TÍTULO | |
| Título | Tratado de Fisiología Médica |
| 250 ## - MENCION DE EDICION | |
| Mención de edición | 5ta.ed. |
| 942 ## - ELEMENTOS DE ENTRADA SECUNDARIOS (KOHA) | |
| Tipo de ítem Koha | Libros |
| Estatus retirado | Estado de pérdida | Estado de daño | No para préstamo | Biblioteca de origen | Biblioteca actual | Ubicación en estantería | Fecha de adquisición | Total de préstamos | Signatura topográfica completa | Código de barras | Visto por última vez | Precio de reemplazo | Tipo de ítem Koha |
|---|---|---|---|---|---|---|---|---|---|---|---|---|---|
| Biblioteca Nopoki | Biblioteca Nopoki | Programa | 22/12/2025 | 612/G97 | 0037644 | 22/12/2025 | 22/12/2025 | Libros |
